Menongkah arus

Bibliographic Details
Main Author: Ku Rozita Ku Meh
Other Authors: MMali Jaafar (Illustrator)
Format: Book
Published: Kuala Lumpur : Creative Enterprise , 1995
Series:Novel remaja creative
Subjects:

MARC

LEADER 00000cam a2200000 7i4500
001 0000007449
002 000008008
005 20011109.0
020 |a 9838931942 
090 0 0 |a F   |b KUR 
100 0 |a Ku Rozita Ku Meh 
245 1 0 |a Menongkah arus   |c Ku Rozita Ku Meh 
260 |a Kuala Lumpur :   |b Creative Enterprise ,   |c 1995 
300 |a 107p. ;   |c 18cm. 
490 0 |a Novel remaja creative 
650 0 0 |a Malay fiction 
700 0 |a MMali Jaafar ,   |e ill 
999 |a 052162   |b BUKU   |c PINJAMAN   |e PERPUSTAKAAN KOMUNITI PETALING JAYA 
999 |a 052163   |b BUKU   |c PINJAMAN   |e PERPUSTAKAAN KOMUNITI PETALING JAYA 
999 |a 052164   |b BUKU   |c PINJAMAN   |e PERPUSTAKAAN KOMUNITI PETALING JAYA 
999 |a 055493   |b BUKU   |c PINJAMAN   |e PERPUSTAKAAN KOMUNITI CAW KOTA DAMANSARA